[Event "SLO-chT NML 31st"]
[Site "Ptuj/Grosuplje"]
[Date "2021.10.22"]
[Round "7.5"]
[White "Karlusic, Luka"]
[Black "Coklin, Marko"]
[Result "1-0"]
[WhiteElo "2104"]
[BlackElo "2227"]
[PlyCount "131"]
[EventDate "2021.10.08"]
[EventType "team-tourn"]
[EventRounds "9"]
[EventCountry "SLO"]
[SourceTitle "EXT 2023"]
[Source "ChessBase"]
[SourceDate "2022.10.05"]
[SourceVersion "1"]
[SourceVersionDate "2022.10.05"]
[SourceQuality "1"]
[WhiteTeam "Zalec"]
[BlackTeam "Pomgrad"]
[WhiteTeamCountry "SLO"]
[BlackTeamCountry "SLO"]

1. d4 Nf6 2. c4 c5 3. d5 e6 4. Nc3 exd5 5. cxd5 d6 6. Nf3 g6 7. Bf4 Bg7 8. h3 0-0 9. e3 Na6 10. Be2 Nc7 11. 0-0 Qe7 12. Bh2 Nd7 13. Nd2 f5 14. Nc4 Ne5 15. Nxe5 Bxe5 16. Bxe5 Qxe5 17. a4 b6 18. Qb3 Bb7 19. a5 b5 20. Bxb5 Rab8 21. Qa4 Nxb5 22. Qxb5 Ba8 23. Qe2 Bxd5 24. Nxd5 Qxd5 25. Rfd1 Qc6 26. Qc4+ Kg7 27. Rd2 Rfd8 28. Rad1 Rd7 29. h4 Rbd8 30. Rd5 h5 31. R1d2 Re8 32. b4 Ree7 33. bxc5 dxc5 34. Rxc5 Qf6 35. Rxd7 Rxd7 36. Qc3 Qxc3 37. Rxc3 Kh6 38. Rc6 Rd1+ 39. Kh2 Rd5 40. Ra6 Rd7 41. Kg3 Rb7 42. f3 Rb3 43. Re6 Ra3 44. a6 Ra2 45. Rc6 Ra4 46. Rd6 Ra2 47. e4 fxe4 48. fxe4 Ra4 49. Kf4 Ra2 50. g3 Rf2+ 51. Ke3 Rg2 52. Kf3 Ra2 53. e5 Ra3+ 54. Ke4 Rxg3 55. e6 Kg7 56. Rd7+ Kf6 57. e7 Kf7 58. Rxa7 Rg4+ 59. Kf3 Rxh4 60. Ra8 Kxe7 61. a7 Ra4 62. Rh8 Ra3+ 63. Kf4 Ra4+ 64. Kg5 Ra5+ 65. Kxg6 Ra6+ 66. Kxh5 1-0

[Event "SLO-chT NML 31st"]
[Site "Ptuj/Grosuplje"]
[Date "2021.10.10"]
[Round "3.4"]
[White "Coklin, Marko"]
[Black "Vombek, Danijel"]
[Result "1/2-1/2"]
[WhiteElo "2227"]
[BlackElo "2274"]
[PlyCount "79"]
[EventDate "2021.10.08"]
[EventType "team-tourn"]
[EventRounds "9"]
[EventCountry "SLO"]
[SourceTitle "EXT 2023"]
[Source "ChessBase"]
[SourceDate "2022.10.05"]
[SourceVersion "1"]
[SourceVersionDate "2022.10.05"]
[SourceQuality "1"]
[WhiteTeam "Pomgrad"]
[BlackTeam "Maribor Branik"]
[WhiteTeamCountry "SLO"]
[BlackTeamCountry "SLO"]

1. d4 Nf6 2. c4 g6 3. Nc3 Bg7 4. e4 d6 5. f3 0-0 6. Be3 Nbd7 7. Nge2 c5 8. Qd2 a6 9. g4 cxd4 10. Nxd4 Ne5 11. Be2 Bd7 12. 0-0 Rc8 13. b3 Ne8 14. h3 Nc6 15. Rac1 Nxd4 16. Bxd4 Bxd4+ 17. Qxd4 Bc6 18. f4 Qa5 19. Bf3 g5 20. e5 gxf4 21. exd6 e5 22. d7 Rd8 23. dxe8Q exd4 24. Qe1 dxc3 25. Qxc3 Qc5+ 26. Kg2 Rfe8 27. Rce1 Re3 28. Rxe3 fxe3 29. Qf6 Rd6 30. Qf4 Re6 31. Bxc6 Qxc6+ 32. Qf3 Qd7 33. Re1 Qe7 34. Re2 a5 35. Qf4 b6 36. Kg3 Kg7 37. h4 h6 38. Qd4+ Kh7 39. Qd3+ Kg7 40. Qd4+ 1/2-1/2

[Event "SLO-chT NML 31st"]
[Site "Ptuj/Grosuplje"]
[Date "2021.10.08"]
[Round "1.3"]
[White "Coklin, Marko"]
[Black "Rifelj, Luka"]
[Result "1-0"]
[WhiteElo "2227"]
[BlackElo "1950"]
[PlyCount "67"]
[EventDate "2021.10.08"]
[EventType "team-tourn"]
[EventRounds "9"]
[EventCountry "SLO"]
[SourceTitle "EXT 2023"]
[Source "ChessBase"]
[SourceDate "2022.10.05"]
[SourceVersion "1"]
[SourceVersionDate "2022.10.05"]
[SourceQuality "1"]
[WhiteTeam "Pomgrad"]
[BlackTeam "Novo Mesto Krka"]
[WhiteTeamCountry "SLO"]
[BlackTeamCountry "SLO"]

1. d4 Nf6 2. c4 e6 3. Nf3 d5 4. Nc3 Be7 5. Bg5 Nbd7 6. e3 0-0 7. Qc2 c6 8. 0-0-0 a6 9. h4 Re8 10. Kb1 b5 11. c5 b4 12. Na4 a5 13. Bd3 Ba6 14. Bxa6 Rxa6 15. b3 h6 16. Bxf6 Nxf6 17. Ne5 Qc7 18. g4 Nd7 19. f4 Nf8 20. g5 f6 21. Ng6 f5 22. Ne5 Ra7 23. Qe2 g6 24. gxh6 Bf6 25. Nf3 Kh8 26. Rdg1 Qh7 27. h5 gxh5 28. Ng5 Bxg5 29. Rxg5 Ng6 30. Qxh5 Rg8 31. Rhg1 Ne7 32. Rg7 Rxg7 33. hxg7+ Kg8 34. Qe8# 1-0

[Event "SLO-CupT"]
[Site "Dobrna"]
[Date "2019.04.13"]
[Round "2.5"]
[White "Coklin, Marko"]
[Black "Peric, Bernard"]
[Result "1-0"]
[WhiteElo "2178"]
[BlackElo "2128"]
[PlyCount "93"]
[EventDate "2019.04.12"]
[EventType "team-swiss"]
[EventRounds "5"]
[EventCountry "SLO"]
[SourceTitle "EXT 2020"]
[Source "ChessBase"]
[SourceDate "2019.10.17"]
[SourceVersion "1"]
[SourceVersionDate "2019.10.17"]
[SourceQuality "1"]
[WhiteTeam "Radenska Pomgrad"]
[BlackTeam "Zagorje ob Savi"]
[WhiteTeamCountry "SLO"]
[BlackTeamCountry "SLO"]

1. d4 Nf6 2. c4 e6 3. Nf3 d5 4. Nc3 Be7 5. Bg5 Ne4 6. Bxe7 Qxe7 7. Nxe4 dxe4 8. Nd2 f5 9. e3 0-0 10. Be2 c5 11. dxc5 Qxc5 12. 0-0 Bd7 13. a3 a5 14. Qc2 Nc6 15. Rfd1 Qe7 16. c5 Rac8 17. Nc4 Rc7 18. Rd6 Ne5 19. b4 Nxc4 20. Bxc4 b5 21. cxb6 Qxd6 22. bxc7 axb4 23. axb4 Rc8 24. Rc1 Kf8 25. Bf1 Qxb4 26. Ba6 Re8 27. c8Q Bxc8 28. Bxc8 Kf7 29. h4 Rd8 30. Qc7+ Qe7 31. Qxe7+ Kxe7 32. Rc7+ Kd6 33. Rc4 Re8 34. Rd4+ Ke5 35. Ba6 Re7 36. f4+ exf3 37. gxf3 h6 38. f4+ Kf6 39. h5 g5 40. hxg6 Kxg6 41. Rd6 Rg7 42. Bc4 Kf6+ 43. Kf2 Re7 44. Kf3 h5 45. Kg3 Re8 46. Kh4 Re7 47. Rxe6+ 1-0